Liderki rankingu WTA według liczby tygodni - Statystyki

Ogólne statystyki
  • Ten quiz został rozwiązany 178 razy
  • Średni wynik to 9 z 15
Statystyki odpowiedzi
MIejsce Zawodniczka Kraj Tygodnie % Poprawnych
9 Iga Świątek Polska 108
98%
3 Serena Williams Stany Zjednoczone 319
94%
1 Steffi Graf Niemcy 377
78%
11 Caroline Wozniacki Dania 71
76%
13 Wiktoryja Azarenka Białoruś 51
69%
12 Simona Halep Rumunia 64
64%
7 Ashleigh Barty Australia 121
61%
15 Angelique Kerber Niemcy 34
60%
2 Martina Navrátilová Czechosłowacja/Stany Zjednoczone 332
59%
8 Justine Henin Belgia 117
46%
5 Martina Hingis Szwajcaria 209
45%
14 Amélie Mauresmo Francja 39
34%
6 Monica Seles Stany Zjednoczone 178
34%
4 Chris Evert Stany Zjednoczone 260
27%
10 Lindsay Davenport Stany Zjednoczone 98
27%
Nie znaleziono quizów pasujących do podanych kryteriów
Rozkład punktacji
Procent ludzi z każdym wynikiem
Percentyl według liczby udzielonych odpowiedzi
Twoja historia wyników
Nie rozwiązałeś tego quizu